| 000 | 00000nam##2200000za#4500 |
| 001 | 9.569720 |
| 003 | CaOODSP |
| 005 | 20210624181913 |
| 007 | cr ||||||||||| |
| 008 | 150406|1996||||xxc|||||o f|0| 0 eng|d |
| 040 | |aCaOODSP|beng |
| 043 | |an-cn--- |
| 086 | 1 |aNH18-1/168-1996E-PDF |
| 110 | 2 |aCanada Mortgage and Housing Corporation. |
| 245 | 10|aInvestment in residential rental housing in Canada : |h[electronic resource]|blessons learned from studies and research / |cby Mario Fortin. |
| 260 | |aOttawa - Ontario : |bCanada Mortgage and Housing Corporation |c1996. |
| 300 | |a49p. |
| 490 | 1 |aResearch report |
| 590 | |a12-29-Supp|b2012-06-25 |
| 720 | 1 |aFortin, Mario |
| 775 | 08|tL'investissement dans le logement locatif résidentiel au Canada : |w(CaOODSP)9.600705 |
| 830 | #0|aResearch report (Canada Mortgage and Housing Corporation : Online)|w(CaOODSP)9.506068 |
| 856 | 40|ahttp://publications.gc.ca|qPDF|s2 MB|uhttps://publications.gc.ca/collections/collection_2011/schl-cmhc/nh18-1/NH18-1-168-1996-eng.pdf |